000 00656nam a2200229Ia 4500
003 OSt
005 20221005124135.0
006 a|||||r|||| 00| 0
007 ta
008 221004b |||||||| |||| 00| 0 eng d
024 _a60452
037 _cTextual
040 _aCRL
_cCRL
_beng
041 _2eng
_aeng
082 _aV2:67:L5, H0
100 _aLane-Poole Stanley Ed.
_9634755
245 0 _aMedieval India from contemporary sources
_b Extracts from Arabic and Persian annals and European travels.
260 _c1940
650 _aHISTORY
942 _hV2:67:L5, H0
_cTEXL
_2cc
999 _c1049578
_d1049578